| 000 | 00542nam a2200229Ia 4500 | ||
|---|---|---|---|
| 003 | OSt | ||
| 005 | 20220928111746.0 | ||
| 006 | a|||||r|||| 00| 0 | ||
| 007 | ta | ||
| 008 | 220927b |||||||| |||| 00| 0 eng d | ||
| 024 | _a132235 | ||
| 037 | _cTextual | ||
| 040 |
_aSDCL _cSDCL _beng |
||
| 041 |
_2eng _aeng |
||
| 082 | _aQ2:4x, H3 | ||
| 245 | 0 | _aVYAVAHAARMALA. | |
| 260 | _c1943 | ||
| 300 |
_a97p. _ccm. |
||
| 490 | _aAnandashram Sanskrit Granthawali 121 | ||
| 942 |
_hQ2:4x, H3 _cTEXL _2CC |
||
| 999 |
_c741865 _d741865 |
||